Govt. of
Madhya Pradesh

Using Entertainment - Edcation for Distance Education (Record no. 63758)

MARC details
000 -LEADER
fixed length control field 00291nam a22001097a 4500
082 ## - DEWEY DECIMAL CLASSIFICATION NUMBER
Classification number 370
100 ## - MAIN ENTRY--AUTHOR NAME
Personal name Fossard Esta DE & Michael Bailey
245 ## - TITLE STATEMENT
Title Using Entertainment - Edcation for Distance Education
260 ## - PUBLICATION, DISTRIBUTION, ETC. (IMPRINT)
Place of publication Delhi
Name of publisher SAGE PUB
Year of publication 2016
650 ## - SUBJECT ADDED ENTRY--TOPICAL TERM
Topical Term Education
942 ## - ADDED ENTRY ELEMENTS (KOHA)
Koha item type Books
Holdings
Withdrawn status Lost status Damaged status Not for loan Home library Current library Date acquired Cost, normal purchase price Full call number Accession Number Price effective from Koha item type
        MACL MACL 21/10/2020 850.00 370 CRE035301 21/10/2020 Books